Normal view
MARC view
- Dorf C. Richard
Entry Personal Name
001 - CONTROL NUMBER
- control field: 84520
003 - CONTROL NUMBER IDENTIFIER
- control field: NUST
005 - DATE AND TIME OF LATEST TRANSACTION
- control field: 20211118162144.0
008 - FIXED-LENGTH DATA ELEMENTS
- fixed length control field: 211118|| aca||aabn | a|a d
040 ## - CATALOGING SOURCE
- Original cataloging agency: NUST
- Transcribing agency: NUST
100 ## - HEADING--PERSONAL NAME
- Personal name: Dorf C. Richard
670 ## - SOURCE DATA FOUND
- Source citation: Work cat.: (NUST)32452: Dorf C. Richard, Modern Control Systems /, 2011.
